000 00542 a2200205 4500
260 _aParis
440 _n13
260 _bORSTOM.
245 _aGlossaire de pédologie : Description des horizons en vue du traitement informatique.
300 _a82p.
650 _aGLOSSAIRE
650 _aPEDOLOGIE
260 _c1969
130 _lFr.
710 _aOffice de la Recherche Scientifique et Technique Outre-Mer (ORSTOM).
440 _aInitiation Documentations Techniques.
690 _aPEDOLOGIE.
999 _c24459
_d24459